Countries that Border Turkey - Statistics

General Stats
  • This quiz has been taken 18 times
  • The average score is 7 of 8
Answer Stats
Countries % Correct
Armenia
94%
Azerbaijan
94%
Greece
94%
Iran
94%
Iraq
94%
Syria
88%
Bulgaria
82%
Georgia
82%
No matching quizzes found
Score Distribution
Percent of People with Each Score
Percentile by Number Answered
Your Score History
You have not taken this quiz